| LEADER 00000nam 2200000uu 4500 |
| 008 131225s2555||||th 000 0 tha d |
| 041 0 ^atha^beng
|
| 060 4 ^aวพ WC534 ป468ค 2555
|
| 100 0 ปรีชา ลากวงษ์
|
| 245 10 รายงานวิทยานิพนธ์ เรื่อง คุณภาพของการรายงานผู้ป่วยไข้เลือดออกในโรงพยาบาลของรัฐจังหวัดยโสธร /^cปรีชา ลากวงษ์
|
| 260 ^aขอนแก่น : ^bมหาวิทยาลัยขอนแก่น,^c2555
|
| 300 [ก]-ฎ, 106 หน้า :^bภาพประกอบ
|
| 502 วิทยานิพนธ์ (ส.ม.)--สาขาวิชาวิทยาการระบาด บัณฑิตวิทยาลัยมหาวิทยาลัยขอนแก่น, 2555
|
| 650 4 ไข้เลือดออก^xผู้ป่วย^xข้อมูล
|
| 650 4 ไข้เลือดออก^xการรักษา
|
| 650 4 ระบาดวิทยา
|
| 650 0 วิทยานิพนธ์
|
| 710 2 มหาวิทยาลัยขอนแก่น.^bบัณฑิตวิทยาลัย.^bสาขาวิชาวิทยาการระบาด
|
| 999 ^aใช้งานได้ทุกระบบ
|